00387nam a2200121Ia 4500008004100000245004600041245001600087260000900103650001000112856005100122999001900173952007300192171211s9999 xx 000 0 und d aDark Souls III: Prima Official Game Guide cPrima Games c2016 xGAMES uhttp://down.ebook777.com/056/9780744017083.pdf c348907d348907 001040aCLbCLd2017-12-11l0r2017-12-11 00:00:00w2017-12-11yCBE